Provinces of Laos (with map) - Statistics

General Stats
  • This quiz has been taken 3,360 times
  • The average score is 9 of 17
Answers on the Map
Answers color-coded by a green-red scale on the quiz's map according to % correct below.
 
Answer Stats
Provinces % Correct
Vientiane Capital
92%
Vientiane Province
92%
Luang Prabang
69%
Savannakhet
61%
Attapeu
54%
Champasak
52%
Luang Namtha
49%
Bokeo
48%
Sekong
46%
Khammouane
45%
Salavan
45%
Hua Phan
42%
Oudomxay
42%
Phongsali
42%
Xieng Khouang
42%
Bolikhamsai
39%
Sayabouly
22%
No matching quizzes found
Score Distribution
Percent of People with Each Score
Percentile by Number Answered
Your Score History
You have not taken this quiz